Central Library OPAC University of Rajshahi

United Nations and U.S. foreign economic policy / (Record no. 4742)

MARC details
000 -LEADER
fixed length control field 00835cam a2200265 a 4500
001 - CONTROL NUMBER
control field 4742
003 - CONTROL NUMBER IDENTIFIER
rucl marc code BD-RjUL
005 - DATE AND TIME OF LATEST TRANSACTION
control field 20211208233940.0
008 - FIXED-LENGTH DATA ELEMENTS--GENERAL INFORMATION
fixed length control field 160727s1962 ilu 001 0 eng d
035 ## - SYSTEM CONTROL NUMBER
System control number (BD-RjUL)4777
System control number (BD-RjUL)
040 ## - CATALOGING SOURCE
Original cataloging agency VLU
Language of cataloging eng
Transcribing agency VLU
Modifying agency VLU
-- BD-RjUL
041 ## - LANGUAGE CODE
Language code of text/sound track or separate title eng
082 ## - DEWEY DECIMAL CLASSIFICATION NUMBER
Edition number 338.91
Author mark and year HIU 1962
100 1# - MAIN ENTRY--PERSONAL NAME
Personal name Higgins, Benjamin Howard,
Dates associated with a name 1912-
9 (RLIN) 10535
245 10 - TITLE STATEMENT
Title United Nations and U.S. foreign economic policy /
Statement of responsibility, etc. Benjamin Howard Higgins
260 ## - PUBLICATION, DISTRIBUTION, ETC. (IMPRINT)
Place of publication, distribution, etc. Homewood, Ill. :
Name of publisher, distributor, etc. R.D. Irwin,
Date of publication, distribution, etc. c1962.
300 ## - PHYSICAL DESCRIPTION
Pagination viii, 235 p. ;
Illustrations 23 cm.
490 0# - SERIES STATEMENT
Series statement Irwin series in economics
500 ## - GENERAL NOTE
General note Bibliographical footnotes.
610 20 - SUBJECT ADDED ENTRY--CORPORATE NAME
Corporate name or jurisdiction name as entry element United Nations
650 #0 - SUBJECT ADDED ENTRY--TOPICAL TERM
Topical term or geographic name as entry element Economic assistance, American.
9 (RLIN) 12084
651 #0 - SUBJECT ADDED ENTRY--GEOGRAPHIC NAME
Geographic name United States
General subdivision Foreign economic relations.
9 (RLIN) 14955
942 ## - ADDED ENTRY ELEMENTS (KOHA)
Source of classification or shelving scheme Dewey Decimal Classification
Koha item type Books
Holdings
Lost status Source of classification or shelving scheme Damaged status Not for loan Collection code Permanent Location Current Location Shelving location Date acquired Source of acquisition Cost, normal purchase price Total Checkouts Full call number Date last seen Copy number Koha item type
  Dewey Decimal Classification     Non-fiction Central Library, University of Rajshahi Central Library, University of Rajshahi   01/11/1965 Zeitlinger 32.00   338.9173 HIU 1962 23/12/2013 C-4 Books
  Dewey Decimal Classification     Non-fiction Central Library, University of Rajshahi Central Library, University of Rajshahi   01/11/1965 Zeithlinger 32.00   338.9173 HIU 1962 27/07/2016 C-2 Books
  Dewey Decimal Classification     Non-fiction Central Library, University of Rajshahi Central Library, University of Rajshahi   01/11/1965 Zeithlinger 32.00   338.9173 HIU 1962 27/07/2016 C-3 Books
  Dewey Decimal Classification     Non-fiction Central Library, University of Rajshahi Central Library, University of Rajshahi   01/11/1965 Zeithlinger 32.00   338.9173 HIU 1962 27/07/2016 C-5 Books